000 00720cab a2200229 4500
001 WB3422-11
008 090401t1998 xxu||||| |||| 00| 0 eng d
035 _a(Sirsi) u86768
041 _aeng
245 _aBuilding up assets
260 _c1998
350 _a0
490 _aBirmingham Post
_v11 June 1998, 12(1)
520 _aDiscusses why property is often an overlooked asset despite the fact that it accounts for more than 30% of the fixed assets of a business and is one of the top three costs.
650 _aCORPORATE PROPERTY
650 _aFIXED ASSETS
650 _aOPERATIONAL PROPERTY
650 _aPROPERTY ASSETS
690 _aPROPERTY-COMMERCIAL PROPERTY
942 _n0
948 _c11/06/1998
999 _c54641
_d54641